[Event "POLFINAL MISTRZOSTW POLSKI JUNIOROW 2016 - C15"]
[Site "Centrum Kongresow i Rekreacji Orle Gniazdo ul. Wrzosowa 28a, Szczyrk"]
[Date "1899-12-30"]
[Round "1.1"]
[White "Burzak, Wojciech"]
[Black "Poplawski, Maciej"]
[Result "0-1"]
[WhiteTitle "I"]
[BlackTitle "I"]
[WhiteElo "1624"]
[BlackElo "1875"]

1. e4 c6 2. Nf3 d5 3. exd5 cxd5 4. Ne5 Qc7 5. d4 a6 6. c3 e6 7. Bd3 Nd7 8. f4 g6
9. O-O Ne7 10. Qe2 Bg7 11. Nd2 O-O 12. a4 Nc6 13. Ndf3 Re8 14. Ng5 f5 15. h4 Nf6
16. Rf3 Nxe5 17. dxe5 Ng4 18. Be3 Bf8 19. Bd4 Bc5 20. Rff1 Bd7 21. Nf3 Reb8 22.
a5 b6 23. axb6 Qxb6 24. b4 Bxd4+ 25. Nxd4 a5 26. bxa5 Rxa5 27. Rab1 Qa7 28. Kh1
Rc8 29. Rfc1 Ra2 30. Rc2 Ra1 31. Qd1 Rxc3 0-1

[Event "POLFINAL MISTRZOSTW POLSKI JUNIOROW 2016 - C15"]
[Site "Centrum Kongresow i Rekreacji Orle Gniazdo ul. Wrzosowa 28a, Szczyrk"]
[Date "1899-12-30"]
[Round "1.2"]
[White "Jarzebowski, Kacper"]
[Black "Rak, Maciej"]
[Result "0-1"]
[WhiteTitle "I+"]
[BlackTitle "II+"]
[WhiteElo "1852"]
[BlackElo "1619"]

1. d3 c5 2. Nf3 d5 3. g3 Nf6 4. Bg2 Nc6 5. O-O g6 6. Nbd2 Bg7 7. e4 O-O 8. c3 e6
9. Qe2 e5 10. a4 d4 11. Nc4 Bg4 12. h3 Bxf3 13. Bxf3 Qc7 14. Bg2 a6 15. a5 Nd7
16. Qc2 b5 17. axb6 Nxb6 18. Nxb6 Qxb6 19. Kh1 Rac8 20. Qa4 a5 21. Qc4 Rfd8 22.
f4 exf4 23. gxf4 Rc7 24. Ra3 Ne7 25. f5 Nc8 26. Bf4 Nd6 27. Rb3 Qa7 28. Bxd6 Rxd6
29. Qa4 Rc8 30. c4 Be5 31. Rb5 Ra8 32. Ra1 Rb6 33. Rxc5 Qe7 34. Rb5 Rxb5 35. cxb5
Qg5 36. Qc2 Qg3 37. Bf1 Re8 38. Qg2 Qf4 39. Rxa5 Rc8 40. Ra1 Rb8 41. fxg6 hxg6
42. Rd1 Rxb5 43. Qd2 Qg3 44. Rc1 Bf4 45. Rc8+ Kg7 46. Qe2 Rg5 47. Qg2 Qe3 0-1

[Event "POLFINAL MISTRZOSTW POLSKI JUNIOROW 2016 - C15"]
[Site "Centrum Kongresow i Rekreacji Orle Gniazdo ul. Wrzosowa 28a, Szczyrk"]
[Date "1899-12-30"]
[Round "1.3"]
[White "Kaminski, Antoni"]
[Black "Filewicz, Radoslaw"]
[Result "0-1"]
[WhiteTitle "II+"]
[BlackTitle "I"]
[WhiteElo "1611"]
[BlackElo "1827"]

1. e4 c5 2. Nf3 e6 3. d4 cxd4 4. Nxd4 Nf6 5. Bd3 a6 6. c4 Be7 7. e5 Qa5+ 8. Nc3
Qxe5+ 9. Be3 Qc7 10. O-O d6 11. h3 Nbd7 12. b3 b6 13. Rc1 Bb7 14. Nde2 O-O 15.
Ng3 Rac8 16. Bb1 Rfd8 17. Nce2 Nc5 18. Qc2 Nce4 19. f3 Nxg3 20. Nxg3 g6 21. Qf2
Nd7 22. Ne2 Bc6 23. h4 Qb8 24. g4 d5 25. Kg2 dxc4 26. bxc4 Ne5 27. Kh3 Bxf3 28.
Bf4 Bxg4+ 29. Kg2 Bf5 30. Bxf5 exf5 31. Kh3 Bd6 32. Rc3 Nxc4 33. Bxd6 Qxd6 34.
Rg3 Kf8 35. h5 Nd2 36. hxg6 hxg6 0-1

[Event "POLFINAL MISTRZOSTW POLSKI JUNIOROW 2016 - C15"]
[Site "Centrum Kongresow i Rekreacji Orle Gniazdo ul. Wrzosowa 28a, Szczyrk"]
[Date "1899-12-30"]
[Round "1.4"]
[White "Polczyk, Mikolaj"]
[Black "Zolkiewski, Jakub"]
[Result "1-0"]
[WhiteTitle "I"]
[BlackTitle "I"]
[WhiteElo "1793"]
[BlackElo "1607"]

1. e4 e5 2. f4 exf4 3. Nf3 Nc6 4. Bc4 d6 5. d4 Be7 6. Bxf4 Nf6 7. Nc3 O-O 8. Qe2
Bg4 9. O-O-O a6 10. h3 Bh5 11. g4 Bg6 12. e5 Nd7 13. h4 h5 14. Qg2 Kh8 15. Rdg1
dxe5 16. gxh5 exf4 17. hxg6 f5 18. Ng5 Nf6 19. Nf7+ Rxf7 20. gxf7 Bf8 21. Qg5
Qxd4 22. Nd5 Ng4 23. Rxg4 1-0

[Event "POLFINAL MISTRZOSTW POLSKI JUNIOROW 2016 - C15"]
[Site "Centrum Kongresow i Rekreacji Orle Gniazdo ul. Wrzosowa 28a, Szczyrk"]
[Date "1899-12-30"]
[Round "1.5"]
[White "Sloniewski, Michal"]
[Black "Marczak, Szymon"]
[Result "0-1"]
[WhiteTitle "I"]
[BlackTitle "I"]
[WhiteElo "1579"]
[BlackElo "1789"]

1. d4 d5 2. c4 dxc4 3. e4 Nc6 4. d5 Ne5 5. Bf4 Ng6 6. Bg3 Nf6 7. Nc3 e5 8. Bxc4
a6 9. h3 b5 10. Bb3 b4 11. Na4 Nxe4 12. Bh2 Bd6 13. Qe2 Nf6 14. Nf3 O-O 15. O-O
Re8 16. Rac1 Qe7 17. Qc4 Bb7 18. Rfd1 e4 19. Bxd6 cxd6 20. Ne1 e3 21. Qd4 exf2+
22. Qxf2 Rac8 23. Nb6 Rxc1 24. Rxc1 Ne4 25. Qd4 Ng3 26. Bc4 Qg5 27. Rd1 Nf4 28.
Qf2 Nf5 29. Kh2 Ne3 30. Rd2 Qh6 31. Kg1 Qg5 32. Kh2 Nxc4 33. Nxc4 Nxd5 34. Nd3
Qg6 35. Nf4 Qf6 36. Nxd5 Qxf2 37. Rxf2 Bxd5 38. Nxd6 Rd8 39. Nf5 g6 40. Ne7+ Kf8
41. Nxd5 Rxd5 42. Re2 Kg7 43. Kg3 Kf6 44. Kf3 h5 45. Kf2 Rf5+ 46. Kg3 Re5 47.
Rc2 Kf5 48. Kf3 Kg5 49. a3 Rf5+ 50. Ke3 bxa3 51. bxa3 Kh4 52. a4 Kg3 53. Rb2 Ra5
54. Ra2 Rg5 55. Rb2 Kh2 56. h4 Rxg2 57. Rb6 Rg4 58. Rxa6 Rxh4 59. a5 Ra4 60. Ra8
Kg3 61. a6 h4 62. a7 h3 0-1

[Event "POLFINAL MISTRZOSTW POLSKI JUNIOROW 2016 - C15"]
[Site "Centrum Kongresow i Rekreacji Orle Gniazdo ul. Wrzosowa 28a, Szczyrk"]
[Date "1899-12-30"]
[Round "1.6"]
[White "Ciesielski, Jan"]
[Black "Dyrda, Jakub"]
[Result "0-1"]
[WhiteTitle "II+"]
[BlackTitle "II"]
[WhiteElo "1784"]
[BlackElo "1575"]

1. e4 g6 2. Nf3 Bg7 3. d4 d6 4. Be3 Nf6 5. Nc3 a6 6. h3 b5 7. a3 Bb7 8. Bd3 Nbd7
9. O-O c5 10. dxc5 Nxc5 11. e5 Nfe4 12. Nxe4 Nxe4 13. Bxe4 Bxe4 14. Ng5 Bf5 15.
g4 Bd7 16. exd6 O-O 17. c3 Bc6 18. dxe7 Qxe7 19. Qe2 h6 20. Nf3 Qe4 21. Kg2 f5
0-1

[Event "POLFINAL MISTRZOSTW POLSKI JUNIOROW 2016 - C15"]
[Site "Centrum Kongresow i Rekreacji Orle Gniazdo ul. Wrzosowa 28a, Szczyrk"]
[Date "1899-12-30"]
[Round "1.7"]
[White "Wilk, Radoslaw"]
[Black "Posluszny, Tomasz"]
[Result "0-1"]
[WhiteTitle "II"]
[BlackTitle "II"]
[WhiteElo "1499"]
[BlackElo "1783"]

1. d4 Nf6 2. Nf3 e6 3. Bg5 Be7 4. e3 b6 5. Nbd2 Bb7 6. Bd3 d6 7. c3 Nbd7 8. Qe2
Nd5 9. Bxe7 Qxe7 10. O-O c5 11. Rac1 O-O 12. h4 h6 13. g4 f5 14. g5 e5 15. dxe5
dxe5 16. e4 Nf4 17. Bc4+ Kh8 18. Qe3 Rae8 19. Kh2 a6 20. Rg1 b5 21. Bb3 c4 22.
Bc2 Nc5 23. exf5 Ncd3 24. Bxd3 cxd3 25. f6 gxf6 26. gxh6 Rg8 27. Rcd1 Qe6 28.
Rxg8+ Rxg8 29. Ng1 Rg2+ 30. Kh1 Rg3+ 31. Ndf3 Rh3+ 32. Nxh3 Qxh3+ 33. Kg1 Qg2#
0-1

[Event "POLFINAL MISTRZOSTW POLSKI JUNIOROW 2016 - C15"]
[Site "Centrum Kongresow i Rekreacji Orle Gniazdo ul. Wrzosowa 28a, Szczyrk"]
[Date "1899-12-30"]
[Round "1.8"]
[White "Kaminski, Maciej"]
[Black "Zerebiec, Maurycy"]
[Result "1-0"]
[WhiteTitle "I"]
[BlackTitle "II"]
[WhiteElo "1782"]
[BlackElo "1488"]

1. e4 e6 2. d3 d5 3. Qe2 dxe4 4. dxe4 e5 5. Nf3 Bd6 6. Nc3 Ne7 7. Be3 Be6 8. O-O-O
f6 9. Nb5 Nbc6 10. Bc5 Nc8 11. Qe3 O-O 12. Be2 a6 13. Qa3 axb5 14. Qxa8 Qe7 15.
Qxb7 Nd8 16. Bxd6 Nxd6 17. Qa7 Nxe4 18. Qe3 Nd6 19. Nd2 Bxa2 20. b3 Nf5 21. Qa7
Nd4 22. Bf3 Nxf3 23. Nxf3 Bxb3 24. cxb3 Nc6 25. Qe3 Qa3+ 26. Kd2 Rd8+ 27. Ke2
Qb2+ 28. Rd2 Rxd2+ 29. Qxd2 Qxb3 30. Rd1 Qc4+ 31. Qd3 e4 32. Qxc4+ bxc4 33. Nd4
Ne5 34. Rc1 Kf7 35. Nb5 Ke6 36. Nxc7+ Kd7 37. Nd5 Kd6 38. Ne3 Kc5 39. f4 exf3+
40. gxf3 g5 41. Nxc4 Nxc4 42. Kd3 Kd5 43. Rxc4 Ke5 44. h4 h5 45. Ke3 Kf5 46. hxg5
Kxg5 47. Kf2 Kf5 48. Kg3 Kg5 49. Rc5+ Kh6 50. Kh4 Kg6 51. Rxh5 f5 52. f4 Kf6 53.
Rh6+ 1-0

[Event "POLFINAL MISTRZOSTW POLSKI JUNIOROW 2016 - C15"]
[Site "Centrum Kongresow i Rekreacji Orle Gniazdo ul. Wrzosowa 28a, Szczyrk"]
[Date "1899-12-30"]
[Round "1.9"]
[White "Piersiak, Krystian"]
[Black "Dytman, Radoslaw"]
[Result "1/2-1/2"]
[WhiteTitle "II"]
[BlackTitle "I"]
[WhiteElo "1461"]
[BlackElo "1771"]

1. e4 e5 2. Nf3 Nc6 3. Nc3 Nf6 4. d4 exd4 5. Nxd4 Bb4 6. Nxc6 bxc6 7. Bd3 d5 8.
exd5 cxd5 9. O-O O-O 10. Bg5 c6 11. Qf3 Be7 12. Rfe1 Be6 13. h3 Rb8 14. Na4 h6
15. Bxh6 gxh6 16. Qf4 Kg7 17. Qg3+ Kh8 18. Rxe6 fxe6 19. Qg6 Qe8 20. Qxh6+ Kg8
21. Qg5+ Kh8 22. Qh6+ Kg8 23. Qg5+ Kh8 24. Qh6+ Kg8 1/2-1/2

[Event "POLFINAL MISTRZOSTW POLSKI JUNIOROW 2016 - C15"]
[Site "Centrum Kongresow i Rekreacji Orle Gniazdo ul. Wrzosowa 28a, Szczyrk"]
[Date "1899-12-30"]
[Round "1.10"]
[White "Namyslak, Piotr"]
[Black "Radecki, Adam"]
[Result "1/2-1/2"]
[WhiteTitle "I"]
[BlackTitle "I"]
[WhiteElo "1754"]
[BlackElo "1456"]

1. c4 e5 2. Nc3 Nf6 3. g3 c6 4. d4 exd4 5. Qxd4 d5 6. Bg2 Be6 7. cxd5 cxd5 8. Bg5
Be7 9. e3 O-O 10. Nge2 Nc6 11. Qa4 Qb6 12. O-O Rfd8 13. Rfd1 a6 14. Bxf6 Bxf6
15. Bxd5 Bxd5 16. Nxd5 Qxb2 17. Nxf6+ Qxf6 18. Qf4 Qe6 19. Nd4 Nxd4 20. Rxd4 g6
21. Rb4 Qc6 22. Rc4 Qd6 23. Qxd6 Rxd6 24. Rc7 b5 25. Rac1 Rd2 26. R1c2 Rad8 27.
R7c6 Rxc2 28. Rxc2 Rd3 29. Kf1 Kf8 30. Ke2 Rd6 31. Rc7 Kg7 32. f4 h5 33. Ra7 Rc6
34. Kd3 Kf6 35. e4 Ke6 36. f5+ gxf5 37. exf5+ Kxf5 38. Rxf7+ Kg6 39. Rf2 Kg5 40.
h3 Rc4 41. Rc2 Ra4 42. Rg2 Ra3+ 43. Kd4 h4 44. gxh4+ Kxh4 45. Rb2 Ra4+ 46. Kc3
Kxh3 47. Kb3 Kg3 48. Re2 1/2-1/2

[Event "POLFINAL MISTRZOSTW POLSKI JUNIOROW 2016 - C15"]
[Site "Centrum Kongresow i Rekreacji Orle Gniazdo ul. Wrzosowa 28a, Szczyrk"]
[Date "1899-12-30"]
[Round "1.11"]
[White "Lendzion, Kamil"]
[Black "Galuszka, Tomasz"]
[Result "1-0"]
[WhiteTitle "II"]
[BlackTitle "II+"]
[WhiteElo "1417"]
[BlackElo "1752"]

1. e4 c6 2. d4 d5 3. exd5 cxd5 4. c4 Nf6 5. Nf3 Nc6 6. Be3 e6 7. Nc3 Bb4 8. a3
Bxc3+ 9. bxc3 Qa5 10. Qc2 O-O 11. Bd3 dxc4 12. Bxc4 h6 13. O-O Ne7 14. Bd3 Qc7
15. c4 b6 16. Ne5 Nc6 17. f4 Bb7 18. h3 Rac8 19. Rfd1 Ne7 20. Qf2 Ne4 21. Qc2
f5 22. Rac1 Ba8 23. Bd2 Rfd8 24. Qb2 Qb7 25. Bb4 Nf6 26. Qf2 Nc6 27. Bc3 Nxd4
28. Kf1 Nb3 29. Rc2 Ne4 30. Qf3 Nbc5 31. Bb4 Nxd3 32. Rxd3 Qc7 33. Qd1 Rxd3 34.
Qxd3 Rd8 35. Qb3 a5 36. Be1 Qc5 37. Qf3 Nd2+ 38. Rxd2 Bxf3 39. Rxd8+ Kh7 40. gxf3
Qxa3 41. Bd2 a4 42. h4 Qe7 43. Rh8+ 1-0

[Event "POLFINAL MISTRZOSTW POLSKI JUNIOROW 2016 - C15"]
[Site "Centrum Kongresow i Rekreacji Orle Gniazdo ul. Wrzosowa 28a, Szczyrk"]
[Date "1899-12-30"]
[Round "1.12"]
[White "Butyrowski, Marcel"]
[Black "Golinski, Kacper"]
[Result "1/2-1/2"]
[WhiteTitle "I"]
[BlackTitle "II"]
[WhiteElo "1742"]
[BlackElo "1414"]

1. Nf3 b6 2. g3 Bb7 3. Bg2 d6 4. d4 Nf6 5. O-O e6 6. c4 Be7 7. Nc3 d5 8. Re1 dxc4
9. Qa4+ Nbd7 10. Qxc4 O-O 11. e4 c5 12. e5 Nd5 13. Nd2 cxd4 14. Nxd5 Bxd5 15.
Bxd5 exd5 16. Qxd4 Nc5 17. Nf3 Qd7 18. Be3 Rfd8 19. Red1 Ne6 20. Qd2 Bc5 21. Nd4
Rac8 22. Rac1 h6 23. Kg2 Qb7 24. f3 Qb8 25. f4 Qb7 26. Kg1 b5 27. Nxe6 Bxe3+ 28.
Qxe3 fxe6 29. Rxc8 Rxc8 30. Rc1 Rc4 31. b3 Re4 32. Qf2 a6 33. Re1 Rxe1+ 34. Qxe1
1/2-1/2

[Event "POLFINAL MISTRZOSTW POLSKI JUNIOROW 2016 - C15"]
[Site "Centrum Kongresow i Rekreacji Orle Gniazdo ul. Wrzosowa 28a, Szczyrk"]
[Date "1899-12-30"]
[Round "1.13"]
[White "Wolak, Kamil"]
[Black "Kupiecki, Szymon"]
[Result "0-1"]
[WhiteTitle "II"]
[BlackTitle "II"]
[WhiteElo "1385"]
[BlackElo "1742"]

1. e4 e5 2. Nf3 Nc6 3. d4 exd4 4. Nxd4 Nf6 5. Nxc6 bxc6 6. e5 Qe7 7. Qe2 Nd5 8.
c4 Ba6 9. b3 g6 10. Ba3 Qg5 11. Bxf8 Rxf8 12. g3 Qc1+ 13. Qd1 Qb2 14. Nd2 Qxe5+
15. Qe2 Qxe2+ 16. Bxe2 Nf6 17. O-O d6 18. Rfe1 Kd7 19. Bf3 Rfe8 20. h3 Bb7 21.
Bg2 Rxe1+ 22. Rxe1 Re8 23. Rxe8 Kxe8 24. Ne4 Nxe4 25. Bxe4 Ke7 26. Kf1 d5 27.
Bd3 Kd6 28. Ke2 Kc5 29. Kd2 Kd4 30. Be2 Ba6 31. Bf3 Kc5 32. Kc3 dxc4 33. b4+ Kd6
34. Be2 c5 35. a3 cxb4+ 36. axb4 c5 37. bxc5+ Kxc5 38. Bd1 Bb5 39. f4 a5 40. f5
a4 41. fxg6 fxg6 42. Bc2 a3 43. g4 a2 44. Kb2 Kd4 45. Kxa2 Kc3 46. Kb1 Kd2 47.
h4 c3 48. h5 Bd3 49. Bxd3 Kxd3 50. Kc1 g5 51. h6 c2 0-1

[Event "POLFINAL MISTRZOSTW POLSKI JUNIOROW 2016 - C15"]
[Site "Centrum Kongresow i Rekreacji Orle Gniazdo ul. Wrzosowa 28a, Szczyrk"]
[Date "1899-12-30"]
[Round "1.14"]
[White "Urbanski, Wojciech"]
[Black "Gazda, Dominik"]
[Result "1/2-1/2"]
[WhiteTitle "II"]
[BlackTitle "II+"]
[WhiteElo "1730"]
[BlackElo "1377"]

1. e4 e5 2. Nf3 Nf6 3. Nxe5 d6 4. Nf3 Nxe4 5. d3 Nf6 6. h3 Be7 7. Nc3 Nc6 8. Be3
d5 9. d4 a6 10. a3 Bf5 11. Ne5 Bd6 12. f4 Ne4 13. Nxe4 Bxe4 14. Qd2 Qe7 15. O-O-O
Bxa3 16. Nxc6 bxc6 17. Qc3 Bxb2+ 18. Qxb2 O-O 19. Kd2 Rfb8 20. Qc3 a5 21. Ra1
a4 22. Ra3 Rb1 23. Rg1 Qd6 24. g3 Qg6 25. Be2 Rab8 26. Rxb1 Rxb1 27. Rxa4 h6 28.
g4 Rh1 29. Ra6 Rxh3 30. Rxc6 f6 31. f5 Qe8 32. Rxc7 Kh7 33. Ra7 Bxc2 34. Rc7 Be4
35. Qa3 Qb8 36. Rc1 Qb6 37. Qc3 Rh2 38. Bg1 Rg2 39. Be3 Qb5 40. Re1 Bf3 41. Qd3
Qa5+ 42. Kd1 Qa4+ 43. Kd2 Qb4+ 44. Kc2 1/2-1/2

[Event "POLFINAL MISTRZOSTW POLSKI JUNIOROW 2016 - C15"]
[Site "Centrum Kongresow i Rekreacji Orle Gniazdo ul. Wrzosowa 28a, Szczyrk"]
[Date "1899-12-30"]
[Round "1.15"]
[White "Jordan, Adam"]
[Black "Paliwoda, Borys"]
[Result "1/2-1/2"]
[WhiteTitle "II"]
[BlackTitle "II+"]
[WhiteElo "1377"]
[BlackElo "1717"]

1. d4 d5 2. Nf3 Bf5 3. Bf4 Nf6 4. e3 e6 5. c4 c5 6. Nc3 Nc6 7. dxc5 Bxc5 8. cxd5
Nxd5 9. Nxd5 Qxd5 10. Qxd5 exd5 11. Bb5 O-O 12. O-O Be7 13. Rfd1 Be6 14. Rac1
Rac8 15. Bg5 f6 16. Bf4 Rfd8 17. Ba4 Bd6 18. Bxd6 Rxd6 19. Nd4 Kf7 20. Nxe6 Kxe6
21. Bb3 f5 22. f3 Ne7 23. Rxc8 Nxc8 24. Kf2 Nb6 25. e4 fxe4 26. fxe4 Ke5 27. exd5
Nxd5 28. Re1+ Kf6 29. Rd1 Ke5 30. Re1+ Kf6 31. Rd1 Ke5 32. Re1+ Kf6 33. Rd1 Ke5
1/2-1/2

[Event "POLFINAL MISTRZOSTW POLSKI JUNIOROW 2016 - C15"]
[Site "Centrum Kongresow i Rekreacji Orle Gniazdo ul. Wrzosowa 28a, Szczyrk"]
[Date "1899-12-30"]
[Round "1.16"]
[White "Kukorowski, Jan"]
[Black "Kosztyla, Mateusz"]
[Result "1-0"]
[WhiteTitle "I"]
[BlackTitle "II"]
[WhiteElo "1700"]
[BlackElo "1288"]

1. e4 e5 2. Nf3 Nc6 3. Bc4 Bc5 4. c3 Nf6 5. d3 h6 6. O-O d6 7. h3 Na5 8. Bb5+ Nc6
9. d4 exd4 10. cxd4 Bb6 11. d5 a6 12. Ba4 Bd7 13. dxc6 bxc6 14. Nc3 O-O 15. e5
Ne8 16. Qd3 dxe5 17. Nxe5 Nf6 18. Nxd7 Qxd7 19. Qf3 Qe6 20. Bxc6 Rad8 21. Bf4
Nh5 22. Nd5 Nxf4 23. Nxf4 Qf6 24. Rad1 Qxb2 25. Nd5 Bc5 26. Nxc7 Qc2 27. Rc1 Qb2
28. Rxc5 Qb6 29. Nxa6 Qxa6 30. a4 Rd3 31. Bb5 Qb6 32. Bxd3 Qxc5 33. Qf5 Qxf5 34.
Bxf5 Ra8 35. Rc1 g6 36. Rc8+ Rxc8 37. Bxc8 1-0

[Event "POLFINAL MISTRZOSTW POLSKI JUNIOROW 2016 - C15"]
[Site "Centrum Kongresow i Rekreacji Orle Gniazdo ul. Wrzosowa 28a, Szczyrk"]
[Date "1899-12-30"]
[Round "1.17"]
[White "Byra, Aron"]
[Black "Kawalko, Adam"]
[Result "0-1"]
[WhiteTitle "II"]
[BlackTitle "II+"]
[WhiteElo "1232"]
[BlackElo "1659"]

1. e4 c5 2. Nf3 e6 3. d4 cxd4 4. Nxd4 a6 5. Nc3 Qc7 6. Be3 Bb4 7. Qd2 Nf6 8. f3
d5 9. Bd3 O-O 10. a3 Ba5 11. Nde2 Rd8 12. b4 Bb6 13. Bxb6 Qxb6 14. exd5 Nxd5 15.
Nxd5 Rxd5 16. Rd1 Nc6 17. c4 Rd8 18. b5 axb5 19. cxb5 Rxa3 20. Bxh7+ Kxh7 21.
Qc2+ g6 22. bxc6 Rxd1+ 23. Qxd1 bxc6 24. Nd4 Ba6 25. Nxe6 Qe3+ 0-1

[Event "POLFINAL MISTRZOSTW POLSKI JUNIOROW 2016 - C15"]
[Site "Centrum Kongresow i Rekreacji Orle Gniazdo ul. Wrzosowa 28a, Szczyrk"]
[Date "1899-12-30"]
[Round "1.18"]
[White "Dzwierzynski, Bartosz"]
[Black "Guzik, Kacper"]
[Result "1-0"]
[WhiteTitle "II"]
[BlackTitle "II"]
[WhiteElo "1650"]
[BlackElo "1182"]

1. d4 g6 2. c4 Nf6 3. Nc3 d6 4. e4 Nbd7 5. f3 Bg7 6. Be3 O-O 7. Qd2 e5 8. d5 Re8
9. Nge2 a6 10. g4 Qe7 11. Ng3 Kh8 12. h4 Nf8 13. h5 Bxg4 14. fxg4 Nxg4 15. Bg5
Bf6 16. Bxf6+ Qxf6 17. Bg2 Rad8 18. O-O-O Qe7 19. Rdf1 Nd7 20. Bh3 Ndf6 21. Qe2
Nh6 22. Qf3 Nxh5 23. Nxh5 Qg5+ 24. Kb1 Qxh5 25. Qxh5 gxh5 26. Bf5 Nxf5 27. Rxf5
Re7 28. Ne2 Rg8 29. Rfxh5 f6 30. Rf5 Rf7 31. Rhf1 Rg6 32. R1f3 Kg7 33. Ng3 Rg5
34. Kc2 h6 35. Kd3 Rxf5 36. Nxf5+ Kg6 37. Rh3 Rh7 38. Ke3 h5 39. Rg3+ Kf7 40.
Kf3 b6 41. Kg2 a5 42. Kh3 Kf8 43. Kh4 Kf7 44. a4 Kf8 45. Rg6 Kf7 46. Rh6 Rxh6
47. Nxh6+ Kg6 48. Nf5 Kf7 49. Kxh5 1-0

[Event "POLFINAL MISTRZOSTW POLSKI JUNIOROW 2016 - C15"]
[Site "Centrum Kongresow i Rekreacji Orle Gniazdo ul. Wrzosowa 28a, Szczyrk"]
[Date "1899-12-30"]
[Round "2.1"]
[White "Poplawski, Maciej"]
[Black "Kukorowski, Jan"]
[Result "1-0"]
[WhiteTitle "I"]
[BlackTitle "I"]
[WhiteElo "1875"]
[BlackElo "1700"]

1. d4 Nf6 2. Nc3 d5 3. Bg5 e6 4. e4 Bb4 5. Bd3 h6 6. Bxf6 Qxf6 7. Nf3 O-O 8. e5
Qe7 9. O-O Bxc3 10. bxc3 c5 11. Qc1 b6 12. Qf4 Nc6 13. Rfe1 cxd4 14. cxd4 Nb4
15. Rad1 Nxa2 16. g4 f6 17. Qd2 Nb4 18. Re3 Nxd3 19. exf6 Qxf6 20. Rxd3 Ba6 21.
Ra3 Bc4 22. Ne5 Qf4 23. Qe1 b5 24. Ng6 Qxg4+ 25. Rg3 Qf5 26. Ne7+ 1-0

[Event "POLFINAL MISTRZOSTW POLSKI JUNIOROW 2016 - C15"]
[Site "Centrum Kongresow i Rekreacji Orle Gniazdo ul. Wrzosowa 28a, Szczyrk"]
[Date "1899-12-30"]
[Round "2.2"]
[White "Filewicz, Radoslaw"]
[Black "Kawalko, Adam"]
[Result "1/2-1/2"]
[WhiteTitle "I"]
[BlackTitle "II+"]
[WhiteElo "1827"]
[BlackElo "1659"]

1. d4 Nf6 2. Nf3 e6 3. Bf4 c5 4. c3 d5 5. e3 Bd6 6. Bg3 Nc6 7. Nbd2 O-O 8. Bd3
Re8 9. O-O Bxg3 10. hxg3 e5 11. Nxe5 Nxe5 12. dxe5 Rxe5 13. Nf3 Re8 14. c4 Be6
15. Qc2 dxc4 16. Bxc4 Bxc4 17. Qxc4 b6 18. Rfd1 Qc7 19. Rd3 Re4 20. Qc2 Rd8 21.
Rad1 Rxd3 22. Rxd3 h6 23. a3 Re7 24. Qc4 Rd7 25. e4 Rxd3 26. Qxd3 Qd7 27. Qc2
Qg4 28. e5 Qe4 29. Qxe4 Nxe4 30. Kf1 f6 31. Ke2 Kf7 32. exf6 Kxf6 33. Ke3 Nd6
34. Kd3 a6 35. a4 b5 36. axb5 axb5 37. b3 Ke6 38. Nh2 Kd5 39. f3 h5 40. Nf1 b4
41. Nd2 Nf5 42. Nf1 Nd4 43. Ne3+ Kc6 44. Kc4 g6 45. g4 h4 46. f4 Kd6 47. f5 gxf5
48. Nxf5+ Nxf5 49. gxf5 Ke5 50. Kxc5 Kxf5 51. Kxb4 Kg4 52. Kc5 Kg3 53. b4 Kxg2
54. b5 h3 55. b6 h2 56. b7 h1=Q 57. b8=Q Qc1+ 58. Kb6 Qb2+ 59. Kc7 Qxb8+ 60. Kxb8
1/2-1/2

[Event "POLFINAL MISTRZOSTW POLSKI JUNIOROW 2016 - C15"]
[Site "Centrum Kongresow i Rekreacji Orle Gniazdo ul. Wrzosowa 28a, Szczyrk"]
[Date "1899-12-30"]
[Round "2.3"]
[White "Rak, Maciej"]
[Black "Polczyk, Mikolaj"]
[Result "1/2-1/2"]
[WhiteTitle "II+"]
[BlackTitle "I"]
[WhiteElo "1619"]
[BlackElo "1793"]

1. f4 d5 2. b3 Nf6 3. Bb2 c5 4. e3 Nc6 5. Bb5 a6 6. Bxc6+ bxc6 7. Nf3 Bf5 8. O-O
e6 9. Ne5 Qc7 10. d3 h5 11. Nd2 Bd6 12. Qe1 O-O 13. Qg3 Ne8 14. Qh4 Nf6 15. Qg3
Ne8 16. Qh4 Nf6 17. Qg3 Ne8 1/2-1/2

[Event "POLFINAL MISTRZOSTW POLSKI JUNIOROW 2016 - C15"]
[Site "Centrum Kongresow i Rekreacji Orle Gniazdo ul. Wrzosowa 28a, Szczyrk"]
[Date "1899-12-30"]
[Round "2.4"]
[White "Marczak, Szymon"]
[Black "Dzwierzynski, Bartosz"]
[Result "1-0"]
[WhiteTitle "I"]
[BlackTitle "II"]
[WhiteElo "1789"]
[BlackElo "1650"]

1. e4 c5 2. Nf3 d6 3. Bb5+ Bd7 4. Bxd7+ Nxd7 5. O-O Ngf6 6. Qe2 g6 7. d4 cxd4 8.
Nxd4 Bg7 9. Rd1 O-O 10. c4 Rc8 11. Nc3 Ne5 12. b3 Nc6 13. Be3 Nd7 14. Rac1 b6
15. Nd5 Nc5 16. f3 Qd7 17. b4 Ne6 18. Nb5 Qb7 19. Qf2 Ne5 20. Qe2 Nc6 21. f4 f5
22. exf5 Rxf5 23. g4 Rff8 24. Qg2 Nxb4 25. Nf6+ 1-0

[Event "POLFINAL MISTRZOSTW POLSKI JUNIOROW 2016 - C15"]
[Site "Centrum Kongresow i Rekreacji Orle Gniazdo ul. Wrzosowa 28a, Szczyrk"]
[Date "1899-12-30"]
[Round "2.5"]
[White "Posluszny, Tomasz"]
[Black "Lendzion, Kamil"]
[Result "1/2-1/2"]
[WhiteTitle "II"]
[BlackTitle "II"]
[WhiteElo "1783"]
[BlackElo "1417"]

1. d4 d5 2. Nf3 Nf6 3. c4 e6 4. Nc3 Be7 5. Bg5 Nbd7 6. e3 a6 7. cxd5 exd5 8. Bd3
h6 9. Bh4 O-O 10. Qc2 Re8 11. O-O c6 12. Rae1 Ne4 13. Bxe7 Qxe7 14. Bxe4 dxe4
15. Nd2 Nf6 16. Nc4 Nd5 17. Nxd5 cxd5 18. Nb6 Rb8 19. Nxd5 Qd6 20. Nc3 Bd7 21.
Rc1 Rbc8 22. Qe2 b5 23. Nb1 b4 24. Rfe1 Bb5 25. Qg4 Rc7 26. Nd2 Rec8 27. Qxc8+
Rxc8 28. Rxc8+ Kh7 29. Rec1 Qd5 30. b3 Bd3 31. R1c5 Qd7 32. h3 f5 33. R8c7 Qe6
34. Re5 Qd6 35. Ree7 Kg6 36. Rxg7+ Kh5 37. Rc5 Qf6 38. Rd7 Kg6 39. Rdd5 f4 40.
Rf5 Qxf5 41. Rxf5 Kxf5 42. Kh2 h5 43. exf4 Kxf4 44. g3+ Kf5 45. Kg2 a5 1/2-1/2

[Event "POLFINAL MISTRZOSTW POLSKI JUNIOROW 2016 - C15"]
[Site "Centrum Kongresow i Rekreacji Orle Gniazdo ul. Wrzosowa 28a, Szczyrk"]
[Date "1899-12-30"]
[Round "2.6"]
[White "Dyrda, Jakub"]
[Black "Kaminski, Maciej"]
[Result "1/2-1/2"]
[WhiteTitle "II"]
[BlackTitle "I"]
[WhiteElo "1575"]
[BlackElo "1782"]

1. d4 Nf6 2. Bg5 c6 3. Bxf6 exf6 4. e3 d5 5. c4 Qb6 6. Qc2 Na6 7. a3 Be7 8. cxd5
Qa5+ 9. Nc3 Nb4 10. Qc1 Nxd5 11. b4 Qd8 12. Nf3 Be6 13. Bd3 O-O 14. O-O a5 15.
b5 Rc8 16. Nxd5 Bxd5 17. Qd1 Bxf3 18. Qxf3 Qd6 19. bxc6 bxc6 20. Rfb1 c5 21. Rb7
Rfe8 22. Qe4 g6 23. Bb5 f5 24. Qe5 Qxe5 25. dxe5 Rb8 26. Rxb8 Rxb8 27. a4 Rd8
28. f4 Rd2 29. Rc1 g5 30. Rc4 Kg7 31. e4 Kg6 32. g3 fxe4 33. Rxe4 Kf5 34. Bc6
Bd8 35. Kh1 Bb6 36. fxg5 Kxg5 37. h4+ Kf5 38. g4+ Ke6 39. Bb5 Rd4 40. Bc4+ Ke7
41. Rxd4 cxd4 42. Kg2 Bc7 43. Kf3 Bxe5 44. Ke4 f6 45. Kd5 Bg3 46. h5 Bf2 47. Bd3
h6 48. Be4 1/2-1/2

[Event "POLFINAL MISTRZOSTW POLSKI JUNIOROW 2016 - C15"]
[Site "Centrum Kongresow i Rekreacji Orle Gniazdo ul. Wrzosowa 28a, Szczyrk"]
[Date "1899-12-30"]
[Round "2.7"]
[White "Kupiecki, Szymon"]
[Black "Pospiech, Mateusz"]
[Result "1-0"]
[WhiteTitle "II"]
[BlackTitle "III"]
[WhiteElo "1742"]
[BlackElo "1153"]

1. e4 e6 2. e5 d6 3. exd6 Bxd6 4. d4 Nf6 5. Nf3 Nc6 6. c3 O-O 7. Bd3 b6 8. O-O
Bb7 9. Re1 Re8 10. Ne5 Rb8 11. Bg5 h6 12. Bxf6 Qxf6 13. Nd7 Qg5 14. Nxb8 Nxb8
15. g3 Nd7 16. Be4 Ba6 17. Bc6 Re7 18. Qa4 Nb8 19. Bg2 e5 20. dxe5 Rxe5 21. Na3
Rxe1+ 22. Rxe1 Qd2 23. Re8+ Bf8 24. Qc2 Qxc2 25. Nxc2 Nd7 26. Bc6 Nc5 27. b4 Ne6
28. b5 Bxb5 29. Bxb5 Kh7 30. Bc4 Bc5 31. Bxe6 fxe6 32. Rxe6 a5 33. Ne3 Bd6 34.
Nc4 Kg8 35. Nxd6 cxd6 36. Rxd6 b5 37. Rb6 b4 38. cxb4 axb4 39. Rxb4 Kf7 40. a4
g5 41. a5 1-0